Les phobies n°3 - Statistiques

Statistiques générales
  • Ce quiz a été pris 58 fois
    52 depuis la dernière actualisation
  • Le résultat moyen est 3 sur 10
Statistiques - réponses
Définition Phobie % Correct
Peur de l’homosexualité. Homophobie
91%
Peur du diabète. Diabétophobie
50%
Peur des chevaux. Hippophobie
45%
Peur des idées. Idéophobie
41%
Peur des poupées. Korephobie / Pédiophobie
20%
Peur morbide de l’eau. Hydrophobie
18%
Peur de ce qui est à droite. Dextrophobie
11%
Peur des profondeurs. Bathophobie
9%
Peur du sexe. Génophobie
2%
Peur de la folie. Maniaphobie
2%
Aucun quiz correspondant
Distribution des résultats
% des personnes avec chaque résultat
Percentile par nombre de réponses
Votre historique - résultats
Vous n’avez pas pris ce quiz depuis la dernière actualisation